| 000 | 00000nas 2200000za 4500 |
| 001 | 9.843133 |
| 003 | CaOODSP |
| 005 | 20240111115036 |
| 007 | cr ||||||||||| |
| 008 | 170907c20179999oncar p o f0 a0eng| |
| 022 | |a2561-1895 |
| 040 | |aCaOODSP|beng |
| 043 | |an-cn--- |
| 086 | 1 |aCR1-16E-PDF |
| 110 | 2 |aSocial Sciences and Humanities Research Council of Canada. |
| 245 | 10|aDepartmental results report |h[electronic resource] / |cSocial Sciences and Humanities Research Council. |
| 260 | |a[Ottawa] : |bSocial Sciences and Humanities Research Council, |c[2017]- |
| 310 | |aAnnual |
| 362 | 1 |aBegan with 2016/2017. |
| 500 | |aIssued also in French under title: Rapport sur les résultats ministériels. |
| 692 | 07|2gccst|aHumanities |
| 692 | 07|2gccst|aSocial sciences |
| 692 | 07|2gccst|aPerformance assessment |
| 775 | 08|tRapport sur les résultats ministériels |w(CaOODSP)9.843134 |
| 780 | 00|tDepartmental performance report |w(CaOODSP)9.506602 |